|
|
|
|
| LEADER |
00000nam0a2200000 4500 |
| 001 |
22332 |
| 005 |
20231101205500.0 |
| 010 |
|
|
|a 5868840607
|
| 035 |
|
|
|a (RuTPU)RU\TPU\book\22545
|
| 035 |
|
|
|a BOOK00000308
|
| 090 |
|
|
|a 22332
|
| 100 |
|
|
|a 20011209d1997 m y0rusy50 ca
|
| 101 |
0 |
|
|a rus
|
| 102 |
|
|
|a RU
|
| 105 |
|
|
|a a z 000zy
|
| 200 |
1 |
|
|a Искусство и миф
|f В. Б. Мириманов
|
| 210 |
|
|
|a Москва
|c Согласие
|d 1997
|
| 215 |
|
|
|a 328 с.
|c ил.
|
| 517 |
1 |
|
|a Центральный образ картины мира
|
| 606 |
1 |
|
|a Искусство
|x История
|2 stltpush
|3 (RuTPU)RU\TPU\subj\13188
|9 39839
|
| 610 |
1 |
|
|a искусство
|
| 610 |
1 |
|
|a изобразительное искусство
|
| 610 |
1 |
|
|a история
|
| 675 |
|
|
|a 7.03
|v 3
|
| 700 |
|
1 |
|a Мириманов
|b В. Б.
|g Виль Борисович
|
| 801 |
|
0 |
|a RU
|b 63413507
|c 20011209
|g PSBO
|
| 801 |
|
2 |
|a RU
|b 63413507
|c 20140916
|g PSBO
|
| 942 |
|
|
|c BK
|